000 00536nam a2200145 a 4500
008 130919s1981 ||||||||||||||||| || u
020 _a9781612190365
050 _aPQ 6672 .A92 M97
100 _aMontalban, Manuel Vazquez
245 1 0 _aMurder in the Central Committe
_cby Manuel Vazquez Montalban
260 _aBarcelona:
_bMelville Pub. Co
_c1981
300 _a203p.
650 _aENGLISH LANGUAGE
995 _FCBU-MAIN LIBRARY (Kitwe)
_M1
_UAVAILABLE
_WNov 4, 2013
_ZFiction Collection
999 _c51825
_d51825